00414nam a22001457a 450000500170000000800410001702000180005804100080007608200090008410000540009324500520014726000460019930000080024565000150025320160503125035.0160503b xxu||||| |||| 00| 0 eng d a81-203-1245-7 aeng b1219 aReeder Robert R. Edwarder Brierty Reeder H. Betty aIndusrial Marketing Analysis Planning & Contral aNew DelhibPrentice hall of India, c1991 a669 aManagement